| 000 | 00632nam a2200193 a 4500 | ||
|---|---|---|---|
| 001 | BRCA_283 | ||
| 005 | 20190320202938.0 | ||
| 008 | 810320s1980 gw-a---##b---#001-0#ger-# | ||
| 020 | _a3770110765 | ||
| 040 |
_aDLC _cDLC _dDLC |
||
| 050 | 4 |
_aND2920 _b.G74 1980 |
|
| 100 | 1 |
_aGrimme, Ernst Günther _9952 |
|
| 245 | 1 | 0 |
_aDie Geschichte der abendlñdischen Buchmalerei _cErnst Günther Grimme. |
| 260 |
_aColonia, Alemania _bDuMont _c1980 |
||
| 300 |
_a238 p. _bil. (algunas a color) _c21 cm. |
||
| 504 | _aIncluye referencias bibliográficas e índice | ||
| 650 | 1 | 4 |
_aIluminación de libros y manuscritos medievales _9953 |
| 942 |
_2lcc _cB |
||
| 999 |
_c228 _d228 |
||